00988nam a22001577a 450000500170000000800410001702000540005805000190011210000180013124500390014926000330018830000590022150000200028050504920030065000380079220210414114036.0120626t xxu||||| |||| 00| 0 eng d a0619016590 9780619016593 0619215003 9780619215002 aQA76.73.J38F38 aFarrel, Joyce aJava programming. /cJoyce Farrell aLondon ; bThomson,c©2003. axv, 695 p. :bill. ; c24 cm. e1 CD-ROM (4 3/4 in.) aIncludes index. aContents: Creating your first java program -- Using data within a program -- Using methods, classees and objects -- Advanced object concepts -- Input and selection -- Looping -- Characters, strings and the stringBuffer -- Arrays -- Applets -- Graphics -- Introduction to inheritance -- Advanced inheritance concepts -- Understanding swings components -- Using layout managers and the event model -- Exception handling -- File input and output -- Multithreading and animation -- Appendix. aJava (Computer program language)